000 00690nam a22001817a 4500
999 _c11251
_d11251
008 181023b ||||| |||| 00| 0 eng d
020 _a978-1-4331-3224-7
082 _22018
_aDC 303.482
_bG510
245 _aGlobal dialectics in intercultural communication :
_bcase studies /
_cedited by Jolanta A. Drzewiecka and Thomas K. Nakayama
260 _aNew York:
_bPeter Lang,
_c©2018.
300 _axviii, 301 pages:
_billustrations;
_c22 cm.
500 _aIncludes bibliographical references.
650 _aIntercultural communication
_932390
700 _aNakayama, Thomas K., editor
_932391
700 _aDrzewiecka, Jolanta A., editor
_932392
365 _b4,495.00
_cPhp.
942 _2ddc
_cDC